Normal view
MARC view
- G. S. N. Raju
Entry Personal Name
001 - CONTROL NUMBER
- control field: 102850
003 - CONTROL NUMBER IDENTIFIER
- control field: NUST
005 - DATE AND TIME OF LATEST TRANSACTION
- control field: 20221117125818.0
008 - FIXED-LENGTH DATA ELEMENTS
- fixed length control field: 221117|| aca||aabn | a|a d
040 ## - CATALOGING SOURCE
- Original cataloging agency: NUST
- Transcribing agency: NUST
100 ## - HEADING--PERSONAL NAME
- Personal name: G. S. N. Raju
670 ## - SOURCE DATA FOUND
- Source citation: Work cat.: (NUST)189449: G. S. N. Raju, Antennas and Wave Propagation /, 2009
